[Event "MCR mladeze, Kouty 2018 - H14"]
[Site "Kouty nad Desnou"]
[Date "2018.03.10"]
[Round "1"]
[White "Vojta, Jakub"]
[Black "Mach, Petr"]
[Result "1-0"]
[WhiteElo "2017"]
[BlackElo "1845"]
[EventDate "2018.03.10"]

1. e4 e5 2. Nf3 Nc6 3. Bb5 Nf6 4. O-O d6 5. Re1 Bd7 6. c3 Na5 7. Bxd7+ Nxd7 8. d4
Nc6 9. Qb3 Rb8 10. Be3 b6 11. Qb5 Na5 12. Nbd2 c6 13. Qd3 Be7 14. Nf1 O-O 15. Ng3
g6 16. Bh6 Re8 17. b4 Nb7 18. Rad1 Qc7 19. dxe5 Nxe5 20. Nxe5 dxe5 21. Nf5 Bf8
22. Qg3 Bxh6 23. Nxh6+ Kg7 24. Qg5 f6 25. Nf5+ Kg8 26. Nh6+ Kg7 27. Qh4 Rbd8 28.
Ng4 Qe7 29. Qh6+ Kg8 30. f4 Rxd1 31. Rxd1 Rd8 32. Rf1 Nd6 33. Qh4 g5 34. fxg5
fxg5 35. Qh5 Rf8 36. Nh6+ Kg7 37. Nf5+ Nxf5 38. exf5 Qf6 39. Qe2 Qe7 40. Qe3 h5
41. f6+ Rxf6 42. Qxg5+ Kf7 43. Qxh5+ Ke6 44. Rd1 Qc7 45. Qe8+ Kf5 46. Rd7 1-0

[Event "MCR mladeze, Kouty 2018 - H14"]
[Site "Kouty nad Desnou"]
[Date "2018.03.10"]
[Round "1"]
[White "Ret, Adam Josef"]
[Black "Vantuch, Lucian"]
[Result "1/2-1/2"]
[WhiteElo "1840"]
[BlackElo "1973"]
[EventDate "2018.03.10"]

1. d4  Nf6  2. c4  e6
3. Nc3  Bb4  4. e3
b6  5. Nf3  Bb7
6. Be2  Ne4  7. Qc2  f5
8. O-O  Bxc3  9. bxc3
d6  10. Rd1  Nd7
11. Ba3  Qf6  12. Rac1
O-O  13. Qa4  Rf7
14. Bb2  a5  15. Qc2
Raf8  16. c5  Ng5
17. cxd6  Be4  18. Qd2
Bxf3  19. Bxf3  Qg6
20. Qe2  f4  21. e4
cxd6  22. Ba3  e5
23. Re1  Nxf3+  24. Qxf3
Qf6  25. h3  Rc8
26. Rcd1  Nf8  27. dxe5
dxe5  28. Bxf8  Kxf8
29. Rd3  Qe6  30. Re2
Rd7  31. Rc2  Rdc7
32. Qd1  Ke7  33. Qc1
Rc4  34. Qa3+  R8c5
35. Rd5  Rxe4  36. Rxc5
bxc5  37. Qxc5+  Qd6
38. Qa7+  1/2-1/2

[Event "MCR mladeze, Kouty 2018 - H14"]
[Site "Kouty nad Desnou"]
[Date "2018.03.10"]
[Round "1"]
[White "Mica, Marek"]
[Black "Rokos, Filip"]
[Result "1/2-1/2"]
[WhiteElo "1957"]
[BlackElo "1817"]
[EventDate "2018.03.10"]

1. d4  e6  2. c4  b6
3. Nc3  Bb7  4. Nf3
Bb4  5. Bd2  f5
6. g3  Nf6  7. Bg2  O-O
8. O-O  Qe7  9. a3
Bxc3  10. Bxc3  d6
11. b4  Ne4  12. Bb2
Nd7  13. Qc2  Ndf6
14. Rfd1  Rac8  15. Nd2
Ng4  16. Nxe4  fxe4
17. Rf1  d5  18. h3
Nh6  19. a4  Nf5
20. e3  Nd6  21. c5
Nc4  22. Bc1  bxc5
23. dxc5  Qf6  24. Ra2
Qh6  25. Bd2  Ne5
26. b5  c6  27. Bb4
Rf5  28. Ba3  Rh5
29. Qe2  Rf8  30. f4
exf3  31. Bxf3  Rxh3
32. Bg2  Rxf1+  33. Qxf1
Qxe3+  34. Rf2  Rxg3
35. Kh1  Qh6+  36. Kg1
Qe3  37. Kh1  Qh6+
38. Kg1  g6  39. Bc1
Qg7  40. Bf4  Rg4
41. Bxe5  Qxe5  42. Rf8+
Kg7  43. Rf7+  Kg8
1/2-1/2

[Event "MCR mladeze, Kouty 2018 - H14"]
[Site "Kouty nad Desnou"]
[Date "2018.03.10"]
[Round "1"]
[White "Glozar, Petr"]
[Black "Frank, Adam"]
[Result "1-0"]
[WhiteElo "1789"]
[BlackElo "1947"]
[EventDate "2018.03.10"]

1. e4  e5  2. Nf3  Nc6
3. Bb5  a6  4. Ba4
Nf6  5. d3  d6
6. O-O  Be7  7. h3  b5
8. Bb3  Na5  9. Nc3
Nxb3  10. axb3  Bb7
11. Bg5  O-O  12. Nh4
h6  13. Bxf6  Bxf6
14. Nf5  Kh7  15. Nd5
Bxd5  16. exd5  g6
17. Ng3  Bg7  18. c3
f5  19. Qf3  h5
20. Rfe1  h4  21. Nf1  Bh6
22. Ne3  g5  23. Kh2
Qd7  24. Rf1  Rf7
25. g3  a5  26. gxh4
e4  27. Qh5  Rg8
28. Rg1  Rfg7  29. dxe4
fxe4  30. Ng4  Rg6
31. hxg5  Qf5  32. Nxh6
Rxg5  33. Nxf5+  Rxh5
34. Rxg8  1-0

[Event "MCR mladeze, Kouty 2018 - H14"]
[Site "Kouty nad Desnou"]
[Date "2018.03.10"]
[Round "1"]
[White "Nguyen, Thai Dai Vinh"]
[Black "Jares, Michal"]
[Result "0-1"]
[WhiteElo "1902"]
[BlackElo "1780"]
[EventDate "2018.03.10"]

1. e4  c5  2. Nf3  d6
3. d4  cxd4  4. Nxd4
Nf6  5. Nc3  g6
6. Be3  Bg7  7. f3  O-O
8. Qd2  Nc6  9. O-O-O
Bd7  10. Bc4  Ne5
11. Bb3  Rc8  12. Kb1
Nc4  13. Bxc4  Rxc4
14. h4  h5  15. Nd5
Nxd5  16. exd5  Qb6
17. c3  Qa5  18. Nb3
Bf5+  19. Kc1  Qxa2
0-1

[Event "MCR mladeze, Kouty 2018 - H14"]
[Site "Kouty nad Desnou"]
[Date "2018.03.10"]
[Round "1"]
[White "Blaha, Marek"]
[Black "Nytra, Ondrej"]
[Result "1-0"]
[WhiteElo "1777"]
[BlackElo "1901"]
[EventDate "2018.03.10"]

1. e4  e5  2. Nf3  Nc6
3. Bc4  Nf6  4. d3
Be7  5. O-O  O-O
6. Re1  d6  7. c3
Na5  8. Bb3  Nxb3
9. Qxb3  c5  10. h3
Qc7  11. Nbd2  Be6
12. Qc2  b5  13. Nf1
Nh5  14. Qe2  Nf4
15. Bxf4  exf4  16. N1d2
Rae8  17. d4  c4
18. a4  a6  19. axb5
axb5  20. Ra2  f5
21. e5  Bd5  22. Rea1
dxe5  23. Qxe5  Qxe5
24. Nxe5  Bd6  25. Ndf3
g5  26. Ra6  Bxe5
27. Nxe5  Ra8  28. Nd7
Bb7  29. Nxf8  Rxa6
30. Rxa6  Bxa6  31. Ne6
Bb7  32. Nxg5  Bd5
33. Nf3  Kf7  34. Ne5+
Ke6  35. Kh2 1-0

[Event "MCR mladeze, Kouty 2018 - H14"]
[Site "Kouty nad Desnou"]
[Date "2018.03.10"]
[Round "1"]
[White "Kusa, Jakub"]
[Black "Volak, Simon"]
[Result "1-0"]
[WhiteElo "1895"]
[BlackElo "1744"]
[EventDate "2018.03.10"]

1. e4  e5  2. Nf3  Nc6
3. Bb5  Nf6  4. O-O
a6  5. Ba4  b5
6. Bb3  Be7  7. Re1  O-O
8. c3  d6  9. h3
Na5  10. Bc2  c5
11. d4  Nc6  12. d5
Nb8  13. Nbd2  Nbd7
14. Nf1  Re8  15. Ng3
Nf8  16. Be3  Ng6
17. Qd2  Qc7  18. Kh2
a5  19. Rg1  Nd7
20. Nf5  Nb6  21. b3
a4  22. g4  axb3
23. axb3  Bd7  24. Bd3
Qb7  25. Qe2  Rxa1
26. Rxa1  Na8  27. Qa2
Nc7  28. Qa7  Rb8
29. Bxc5  Bxf5  30. gxf5
Nf4  31. Nxe5  dxe5
32. Bxe7  Ne8  33. Qxb7
Rxb7  34. d6  f6
35. Ra8  Kf7  36. Bxb5
1-0

[Event "MCR mladeze, Kouty 2018 - H14"]
[Site "Kouty nad Desnou"]
[Date "2018.03.10"]
[Round "1"]
[White "Nezval, Filip"]
[Black "Placer, Sebastian"]
[Result "0-1"]
[WhiteElo "1732"]
[BlackElo "1884"]
[EventDate "2018.03.10"]

1. d4  d5  2. c4  Nc6
3. Nf3  Bg4  4. Bg5
Bxf3  5. gxf3  dxc4
6. e3  Qd5  7. Bf4
Qa5+  8. Nc3  O-O-O
9. Qa4  Qxa4  10. Nxa4
Nb4  11. Rc1  b5
12. Nc3  c6  13. b3
cxb3  14. axb3  Kb7
15. Be2  Nf6  16. Ne4
e6  17. Bg5  Be7
18. Nxf6  Bxf6  19. Bxf6
gxf6  20. f4  Rhg8
21. Bf1  Rg7  22. Ke2
f5  23. Kf3  Kb6
24. Be2  a5  25. Ra1
Rdg8  26. Rac1  Rg4
27. Ra1  Rh4  28. h3
Nd5  29. Rac1  b4
30. Bc4  Nc3  31. Ra1
Rg6  32. Bd3  Rh5
33. Bc4  Ne4  34. Rad1
Rgh6  35. Bf1  Rh4
36. Kg2  Rxh3  37. Rxh3
Rxh3  38. Bd3  Rh6
39. Bxe4  fxe4  40. Rc1
Rh5  41. Kg3  Kb5
42. Kg4  Rf5  43. Ra1
c5  44. f3  Rd5
45. fxe4  f5+  46. Kf3  fxe4+
47. Kxe4  c4  48. bxc4+
Kxc4  49. Rc1+  Kb3
50. Rc6  a4  51. Rxe6
Ra5  52. d5  a3
53. d6  a2  54. d7  a1=Q
55. d8=Q  Qh1+ 0-1

[Event "MCR mladeze, Kouty 2018 - H14"]
[Site "Kouty nad Desnou"]
[Date "2018.03.10"]
[Round "1"]
[White "Dudek, Vojtech"]
[Black "Husa, Daniel"]
[Result "1-0"]
[WhiteElo "1880"]
[BlackElo "1627"]
[EventDate "2018.03.10"]

1. e4  c5  2. Nf3  e6
3. b3  Nc6  4. Bb2
d5  5. exd5  exd5 6. d4
Nf6  7. Be2  cxd4
8. O-O  Bd6  9. Nxd4
O-O  10. Nd2  a6
11. Nxc6  bxc6  12. c4
Bb7  13. Nf3  Re8
14. Bd3  Rb8  15. Re1
Ne4  16. Bxe4  dxe4
17. Qd4  f6  18. Rxe4
Rxe4  19. Qxe4  Qd7
20. Re1  Rd8  21. h3
Bc8  22. Nd4  c5
23. Nf3  Bb7  24. Qe6+
Qxe6  25. Rxe6  Kf7
26. Re1  Be7  27. Kf1
Bc6  28. Ke2  Rd7
29. Rd1  Rb7  30. Bc3
Rb8  31. Ne1  Re8
32. f3  Bd6+  33. Kf2
Be7  34. Nd3  Rd8
35. Ba5  Rb8  36. Bd2
Rd8  37. Be3  Bb7
38. Ke2  Rc8  39. Nxc5
Bxf3+  40. gxf3  Bxc5
41. Bxc5  Rxc5  42. Rd7+ Kg6
43. Rd5  Rc6  44. Kd3
f5  45. Kd4  Kf6
46. b4  g5  47. a4
h5  48. b5  Re6
49. Kc5  g4  50. fxg4  hxg4
51. hxg4  fxg4  52. b6
g3  53. b7  g2
54. Rd1  Re8  55. Kb6  Rd8
56. Rg1  1-0

[Event "MCR mladeze, Kouty 2018 - H14"]
[Site "Kouty nad Desnou"]
[Date "2018.03.10"]
[Round "1"]
[White "Vokoun, Tomas"]
[Black "Neumann, Filip"]
[Result "0-1"]
[WhiteElo "1535"]
[BlackElo "1859"]
[EventDate "2018.03.10"]

1. e4  c5  2. Nf3  d6
3. d4  Nf6  4. e5
dxe5  5. dxe5  Qxd1+
6. Kxd1  Ng4  7. Ke1
Nc6  8. Bf4  Bf5
9. Na3  O-O-O  10. Bc4
e6  11. h3  Nh6
12. Rd1  Be7  13. Ke2  Be4
14. c3  Nf5  15. Bb3
Bxf3+  16. Kxf3  Nh4+
17. Kg3  g5  18. Be3
Nxe5  19. Bc2  f5
20. f4  gxf4+  21. Bxf4
Rhg8+  0-1

[Event "MCR mladeze, Kouty 2018 - H14"]
[Site "Kouty nad Desnou"]
[Date "2018.03.11"]
[Round "2"]
[White "Dudek, Vojtech"]
[Black "Jun, Rudolf"]
[Result "1-0"]
[WhiteElo "1880"]
[BlackElo "2061"]
[EventDate "2018.03.10"]

1. d4  Nf6  2. Bf4  g6
3. Nc3  Bg7  4. e4
d6  5. Qd2  O-O
6. O-O-O  c6  7. Bh6  b5
8. Bxg7  Kxg7  9. Bd3
Nbd7  10. Nf3  Nb6
11. h4  h5  12. Ne2
Rb8  13. Ng3  Nc4
14. Qg5  Bg4  15. Nf5+
Bxf5  16. exf5  Qe8
17. Rde1  Rb7  18. fxg6
fxg6  19. Re6  Rg8
20. Rhe1  Kf7  21. Qh6
Qf8  22. Ng5+  Ke8
23. Bxg6+  Kd8  24. Rxd6+
Kc8  25. Qxf8+  Rxf8
26. Rxc6+  Kb8  27. Rce6
Nd5  28. Be4  Rd7
29. Bxd5  Rxd5  30. Rxe7
Rxf2  31. Rh7  Rd8
32. Ne4  Rxg2  33. Rxh5
Re8  34. Rxb5+  Ka8
35. Rg5  Rh2  36. Rgg1
Rxh4  37. Nd2  Rxe1+
38. Rxe1  Nxd2  39. Kxd2
Rxd4+  40. Kc3  Rd7
41. b4  Kb7  42. Re6
Rh7  43. Kb3  Rg7
44. c4  Rh7  45. Ka4
a6  46. Ka5  Rh5+
47. c5  Rh2  48. a4
Ra2  49. Rb6+  Kc7
50. Rxa6  Kb7  51. Rb6+
Kc7  52. Kb5 Rh2  53. a5
Rh8  54. a6  Ra8
55. Rb7+  Kc8  56. Kb6
Kd8  57. a7  Kc8
58. c6  Rxa7  59. Rxa7
1-0

[Event "MCR mladeze, Kouty 2018 - H14"]
[Site "Kouty nad Desnou"]
[Date "2018.03.11"]
[Round "2"]
[White "Neumann, Filip"]
[Black "Vojta, Jakub"]
[Result "1/2-1/2"]
[WhiteElo "1859"]
[BlackElo "2017"]
[EventDate "2018.03.10"]

1. e4  Nf6  2. e5  Nd5
3. d4  d6  4. Nf3
Bg4  5. Bc4  e6
6. O-O  Nb6  7. Be2  Be7
8. h3  Bh5  9. Bf4
d5  10. Na3  O-O
11. Qd2  a6  12. Bd3
Bg6  13. Bxg6  hxg6
14. h4  Nc4  15. Nxc4
dxc4  16. Bg5  Nc6
17. Bxe7  Qxe7  18. Qc3
Qb4  19. Qxb4  Nxb4
20. c3  Nd5  21. Nd2
b5  22. Ne4  a5
23. Nd2  Rfc8  24. a4  c6
25. axb5  cxb5  26. Ra2
Rc7  27. Rfa1  Rca7
1/2-1/2

[Event "MCR mladeze, Kouty 2018 - H14"]
[Site "Kouty nad Desnou"]
[Date "2018.03.11"]
[Round "2"]
[White "Jares, Michal"]
[Black "Kusa, Jakub"]
[Result "0-1"]
[WhiteElo "1780"]
[BlackElo "1895"]
[EventDate "2018.03.10"]

1. d4 Nf6 2. Nf3 e6 3. g3 b5 4. Bg2 Bb7 5. O-O c5 6. a4 b4 7. c4 Be7 8. d5 exd5
9. Nh4 d6 10. Nf5 O-O 11. cxd5 Bc8 12. Ne3 Nbd7 13. Nc4 a5 14. Bf4 Nb6 15. Nxb6
Qxb6 16. e4 Ba6 17. Re1 Rad8 18. b3 Rfe8 19. Nd2 Nd7 20. Bf1 Bf6 21. Rc1 Re7 22.
Bxa6 Qxa6 23. Nc4 Be5 24. Bg5 f6 25. Bd2 Bd4 26. Bf4 Be5 27. Bxe5 Nxe5 28. Nxe5
Rxe5 29. Rc4 Rde8 30. f4 R5e7 31. Qg4 Qb7 32. Qh3 g6 33. f5 Re5 34. g4 Qe7 35.
fxg6 hxg6 36. Qh6 Qg7 37. Qxg7+ Kxg7 38. Kf2 f5 39. gxf5 gxf5 40. Rg1+ Kf6 41.
Kf3 Rxe4 42. Rxe4 Rxe4 43. Rg8 Ke5 44. Rf8 Rd4 45. Ke3 Rh4 46. Kd3 Rxh2 47. Kc4
Rc2+ 48. Kb5 Rc3 49. Kc6 Rxb3 50. Re8+ Kd4 51. Kxd6 Rh3 52. Kc6 b3 53. d6 Rh6 54.
Rb8 c4 55. Kc7 c3 56. d7 Rh7 57. Kc6 Rxd7 58. Kxd7 c2 59. Rc8 b2 0-1

[Event "MCR mladeze, Kouty 2018 - H14"]
[Site "Kouty nad Desnou"]
[Date "2018.03.11"]
[Round "2"]
[White "Placer, Sebastian"]
[Black "Glozar, Petr"]
[Result "1-0"]
[WhiteElo "1884"]
[BlackElo "1789"]
[EventDate "2018.03.10"]

1. e4  c6  2. d4  d5
3. e5  Bf5  4. h4
h6  5. g4  Bh7
6. e6  fxe6  7. Bd3  Bxd3
8. Qxd3  Nf6  9. Qg6+
Kd7  10. Nf3  Kc8
11. Ne5  Qb6  12. Nf7
Rh7  13. c3  c5
14. f4  cxd4  15. g5  Nbd7
16. gxf6  Nxf6  17. Rh3
d3  18. Ne5  h5
19. Nxd3  Rh6  20. Qg2  Ng4
21. Ne5  Rf6  22. Nxg4
hxg4  23. Rg3  g6
24. Rxg4  Bh6  25. Rxg6
Kd7  26. Rxf6  exf6
27. Qg6  Rc8  28. Kd1
Qf2  29. Qxh6  Qf3+
30. Kc2  Qe4+  31. Kb3
Qc4+  32. Kc2  Qe4+
33. Kb3 Qc4+  34. Kc2  Qe4+
35. Kb3  Qc4+  36. Ka3
b5  37. Qg7+  Kd6
38. Qxa7  b4+  39. cxb4
Qxc1  40. Qb6+  Ke7
41. Qa7+  Ke8  42. Qa4+
Kd8  43. Qa5+  Ke8
44. Qb5+  Kf8  45. Qb7
Rc2  46. Qb8+  Ke7
47. Qa7+  Rc7  48. Qd4
Qe1  49. Qd2  Qf1
50. b3 Rc1  51. Qd4  Qe1
52. b5  Rd1  53. Qc5+
Kf7  54. b6  Rc1
55. Qb5  Qe3  56. b7
Qa7+  57. Kb2  Rg1
58. b8=Q  Rg2+  59. Kc3
Rg3+  60. Kb4  Qd4+
61. Ka5  1-0

[Event "MCR mladeze, Kouty 2018 - H14"]
[Site "Kouty nad Desnou"]
[Date "2018.03.11"]
[Round "2"]
[White "Gnojek, Petr"]
[Black "Blaha, Marek"]
[Result "1-0"]
[WhiteElo "2018"]
[BlackElo "1777"]
[EventDate "2018.03.10"]

1. d4  d5  2. c4  Nc6
3. cxd5  Qxd5  4. e3
e5  5. Nc3  Bb4
6. Bd2  Bxc3  7. bxc3  exd4
8. cxd4  Bf5  9. Ne2
Nf6  10. Nf4  Qd7
11. Bc4  O-O  12. O-O
Rad8  13. Bc3  Ne7
14. f3  Ned5  15. Nxd5
Nxd5  16. Bxd5  Qxd5
17. e4  Qc4  18. Rc1
Bg6  19. Qd2  c5
20. d5  Qa4  21. g4
f6 22. Rf2  Rfe8  23. g5
f5  24. Ba1  fxe4
25. Qc3  Qd4  26. Qa5
Qxd5  27. Rxc5  Qd1+
28. Rf1  Qd2  29. Qxd2
Rxd2  30. Rc7  e3
31. Rxg7+  Kf8  32. Rxb7
e2  33. Re1  Rxa2
34. Kf2  a5  35. h4
Ra3  36. Bd4  Rxf3+
37. Kxf3  Be4+  38. Kxe2
Bxb7+  39. Be3  a4
40. h5  Kg8  41. Kf2
Rf8+  42. Kg3  Re8
43. Kf4  Bc8  44. Ra1
Bd7  45. Bd4  Re6
46. Rb1  Re8  47. Be5
Rf8+  48. Bf6  Be8
49. Kg4  Bd7+  50. Kh4
Bc6  51. Rc1  Rc8
52. g6  hxg6  53. hxg6
Bd7  54. Rd1  Be8
55. Kg5  Rc5+  56. Kh6
Rc2  57. Rd8  Rh2+
58. Kg5  Rg2+  59. Kf5
Rf2+  60. Ke6  Re2+
61. Be5  1-0

[Event "MCR mladeze, Kouty 2018 - H14"]
[Site "Kouty nad Desnou"]
[Date "2018.03.11"]
[Round "2"]
[White "Vantuch, Lucian"]
[Black "Mica, Marek"]
[Result "0-1"]
[WhiteElo "1973"]
[BlackElo "1957"]
[EventDate "2018.03.10"]

1. e4  c6  2. d4  d5
3. Nc3  dxe4  4. Nxe4
Nd7  5. Bc4  e6
6. Ng5  Ngf6  7. Qe2  Nb6
8. Bd3  h6  9. N5f3
c5  10. dxc5  Bxc5
11. Ne5  Nfd7  12. Ngf3
Qf6  13. Bd2  Nxe5
14. Qxe5  Qxe5+  15. Nxe5
Bd4  16. Bb5+  Nd7
17. Nxd7  Bxd7  18. Bxd7+
Kxd7  19. O-O-O  Kc6
20. Bxh6  Bxb2+  21. Kxb2
Rxh6  22. Rd3  Re8
23. h3  b6  24. Rhd1
Re7  25. Rd6+  Kc7
26. Kb3  Rf6  27. f3
Rg6  28. g4  Rh6
29. R6d3  Rxh3  30. Rc3+
Kb7  31. Rcd3  Rc7
32. f4  Rh4  33. Rg3
Rh2  34. c3  Rf2
35. Rd4  Kc8  36. g5
g6  37. Rgd3  Rg2
38. Rd8+  Kb7  39. Re3
Rf2  40. Rd4  Rh2
41. Rd6  Rh8  42. Rd4
Rhc8  43. Red3  Rc5
44. Rd7+  R8c7  45. R7d6
Rb5+  46. Kc2  Rf5
47. R3d4  Rfc5  48. Rd3
Rc4  49. Rf3  Kc8
50. Kb3  Re4  51. Rd4
Rxd4  52. cxd4  Kd7
53. Kb4  Kd6  54. Rd3
Kd5  55. Rd1  Rc2
56. a4  a6  57. Rf1
Rc4+  58. Ka3  b5
0-1

[Event "MCR mladeze, Kouty 2018 - H14"]
[Site "Kouty nad Desnou"]
[Date "2018.03.11"]
[Round "2"]
[White "Rokos, Filip"]
[Black "Barak, David"]
[Result "0-1"]
[WhiteElo "1817"]
[BlackElo "1847"]
[EventDate "2018.03.10"]

1. e4  c6  2. d4  d5
3. exd5  cxd5  4. c4
Nf6  5. Nc3  e6
6. Nf3  Nc6  7. Bd3  dxc4
8. Bxc4  Be7  9. O-O
O-O  10. Re1  b6
11. Bb3  Bb7  12. Be3
Nb4  13. Ne5  Nbd5
14. Rc1  Rc8  15. Qe2
h6  16. f3  Bd6
17. Bf2  Nb4  18. Rcd1  Nbd5
19. Rc1  Qe7  20. Bh4
Qe8  21. Qf2  Nxc3
22. bxc3  Nd7  23. Nxf7
Rxf7  24. Rxe6  Qf8
25. Rce1  Nc5  26. Rxd6
Nxb3  27. Rde6  Na5
28. Qg3  Kh7  29. Qg6+
Kh8  30. Be7  Qg8
31. Bg5  Rcf8  32. Bh4
Qh7  33. Qg4  Qf5
34. Qg3  Qf4  35. Qf2
Bd5  36. Bg3  Qg5
37. Bh4  Qf5  38. R6e5
Qd7  39. Bg3  Nc4
40. Qe2  Nxe5  41. Qxe5
Bxa2  42. Qe3  Qf5
43. Be5  Qg6  44. Kh1
Bd5  45. Rf1  b5
46. Bg3  a5  47. Be5
a4  48. Qc1  Ra8
49. Qa3  Rd7  50. Re1
Kh7  51. Rc1  Qc6
0-1

[Event "MCR mladeze, Kouty 2018 - H14"]
[Site "Kouty nad Desnou"]
[Date "2018.03.11"]
[Round "2"]
[White "Frank, Adam"]
[Black "Ret, Adam Josef"]
[Result "1-0"]
[WhiteElo "1947"]
[BlackElo "1840"]
[EventDate "2018.03.10"]

1. e4  c5  2. Nf3  d6
3. d4  cxd4  4. Nxd4
Nf6  5. Nc3  g6
6. Bg5  Bg7  7. Bb5+  Bd7
8. Qe2  Nc6  9. O-O-O
O-O  10. Bxc6  bxc6
11. e5  dxe5  12. Nxc6
Qc7  13. Nxe7+  Kh8
14. Bxf6  Bxf6  15. Ned5
Bg5+  16. Kb1  Qb8
17. h4  Bd8  18. h5
Be6  19. hxg6  fxg6
20. Qe3  Rf7  21. f4
a5  22. Rhf1  Bg4
23. Qxe5+  Qxe5  24. fxe5
Raa7  25. e6  Bxe6
26. Nf4  Bc4  27. Rxd8+
Kg7  28. Rf3  Rae7
29. b3  Re1+  30. Kb2
Bf1  31. Nd3  Rxf3
32. gxf3  1-0

[Event "MCR mladeze, Kouty 2018 - H14"]
[Site "Kouty nad Desnou"]
[Date "2018.03.11"]
[Round "2"]
[White "Volak, Simon"]
[Black "Nguyen, Thai Dai Vinh"]
[Result "1/2-1/2"]
[WhiteElo "1744"]
[BlackElo "1902"]
[EventDate "2018.03.10"]

1. d4  Nf6  2. Bf4  d5
3. e3  Bf5  4. Bd3
Bg6  5. Nf3  Nbd7
6. h3  e6  7. Nbd2
Bd6  8. Ne5  Bxe5
9. dxe5  Ne4  10. Bxe4
dxe4  11. Qe2  Qe7
12. Qb5  Qc5  13. Qxc5
Nxc5  14. O-O-O  O-O-O
15. Nb3  Nxb3+  16. axb3
h6  17. Rxd8+  1/2-1/2

[Event "MCR mladeze, Kouty 2018 - H14"]
[Site "Kouty nad Desnou"]
[Date "2018.03.11"]
[Round "2"]
[White "Nytra, Ondrej"]
[Black "Nezval, Filip"]
[Result "1-0"]
[WhiteElo "1901"]
[BlackElo "1732"]
[EventDate "2018.03.10"]

1. e4  e5  2. Nf3  Nc6
3. Bb5  Nge7  4. O-O
g6  5. c3  Bg7
6. d3  O-O  7. Nbd2  d6
8. Re1  h6  9. Nf1
f5  10. exf5  Bxf5
11. h3  Kh7  12. Ng3
Bd7  13. Ba4  Nd5
14. Bb3 Nf4  15. Ne4  Kh8
16. Kh2  g5  17. Nfxg5
Qe8  18. Bxf4  Rxf4
19. Nf3  Na5  20. Bc2
Qf7  21. Ng3  Bc6
22. Re3  Rf8  23. Ne4
Bd7  24. b4  Nc6
25. Bb3  d5  26. Ned2
Be6  27. b5  Na5
28. Nxe5  Bxe5  29. Rxe5
Nxb3  30. axb3  Rxf2
31. Qh5  Qg7  32. Rg1
Bd7  33. Rxd5  Be8
34. Qd1  Qxc3  35. Ne4
Qg7  36. Nxf2  Rxf2
37. Qa1  Rb2  38. Rd8
Rxg2+  39. Kh1  Qxa1
40. Rxe8+  Kg7  41. Rxa1
1-0

[Event "MCR mladeze, Kouty 2018 - H14"]
[Site "Kouty nad Desnou"]
[Date "2018.03.11"]
[Round "2"]
[White "Skypala, Ondrej"]
[Black "Husa, Daniel"]
[Result "1-0"]
[WhiteElo "1851"]
[BlackElo "1627"]
[EventDate "2018.03.10"]

1. e4  e5  2. Nf3  Nc6
3. Bc4  Bc5  4. c3
Nf6  5. d4  exd4
6. cxd4  Bb4+  7. Bd2
Nxe4  8. Bxb4  Nxb4
9. Bxf7+  Kxf7  10. Qb3+
d5  11. Qxb4  Rf8
12. O-O  Kg8  13. Nbd2
a5  14. Qb3  Nxd2
15. Nxd2  Qg5  16. Nf3
Qh5  17. Rae1  a4
18. Qc3  c6  19. Re5
Qg6  20. Qe3  h6
21. Kh1  Bd7  22. Nd2
Rae8  23. f4  Rf5
24. Nf3  Qf7  25. Re1
Rexe5  26. Nxe5  Qe6
27. g4  Rf8  28. h4
Qf6  29. g5  Qf5
30. gxh6  gxh6  31. Rg1+
Kh7  32. Qg3  Qh3+
33. Qxh3  Bxh3  34. Rg3 Bf5
35. Kh2  Be4  36. Ra3
Rxf4  37. Kg3  Rf8
38. Rxa4  Rg8+  39. Kf4
Rg7  40. Ra7  h5
41. b4  Kh6  42. a4
b5  43. Rxg7  Kxg7
44. a5  c5  45. dxc5
Bg2  46. a6  d4
47. c6  1-0

[Event "MCR mladeze, Kouty 2018 - H14"]
[Site "Kouty nad Desnou"]
[Date "2018.03.11"]
[Round "2"]
[White "Mach, Petr"]
[Black "Vokoun, Tomas"]
[Result "1-0"]
[WhiteElo "1845"]
[BlackElo "1535"]
[EventDate "2018.03.10"]

1. e4  c5  2. Nf3  e6
3. d4  cxd4  4. Nxd4
Nf6  5. Nc3  d6
6. Be2  a6  7. f4  b5
8. e5  Nd5  9. Nxd5
exd5  10. exd6  Bxd6
11. Bf3  Be7  12. O-O
O-O  13. Kh1  Bb7
14. c3  Nd7  15. Nf5
Nf6  16. Nxe7+  Qxe7
17. Re1  Ne4  18. Be3
Rac8  19. a3  Rfe8
20. g3  Qc7  21. Kg2
Qc6  22. Bd4  Qg6
23. Bh5  Qh6  24. Bg4
Rcd8  25. Qd3  Qg6
26. Bf3  h5  27. Qd1
h4  28. g4  Kh7
29. h3  Ng3  30. Bf2  Rxe1
31. Bxe1  Qb6  32. Bxg3
hxg3  33. Kxg3  Qe3
34. Qe2  Qxe2  35. Bxe2
Re8  36. Kf2  Re6
37. Re1  Kh6  38. g5+
Kg6  39. f5+ Kxf5 1-0

[Event "MCR mladeze, Kouty 2018 - H14"]
[Site "Kouty nad Desnou"]
[Date "2018.03.12"]
[Round "3"]
[White "Kusa, Jakub"]
[Black "Placer, Sebastian"]
[Result "1/2-1/2"]
[WhiteElo "1895"]
[BlackElo "1884"]
[EventDate "2018.03.10"]

1. e4  e5  2. Nf3  Nc6
3. Bb5  a6  4. Ba4
Nf6  5. d3  b5
6. Bb3  d6  7. c3  Bg4
8. O-O  Be7  9. Re1
O-O  10. Nbd2  Na5
11. Bc2  c5  12. Nf1
Nc6  13. Ne3  Be6
14. d4  cxd4  15. cxd4
exd4  16. Nxd4  Nxd4
17. Qxd4  Qc7  18. Qd3
Rac8  19. Bb3  Nd7
20. Nd5  Bxd5  21. Bxd5
Ne5  22. Qg3  Qc2
23. Bb3  Qc7  24. Bf4
Bf6  25. Rad1  Qe7
26. Rd2  Rfd8  27. Red1
a5  28. a3  a4
29. Ba2  Rc5  30. Be3  Nc4
31. Bxc4  Rxc4  32. Rxd6
Rxd6  33. Qxd6  Qxd6
34. Rxd6  Kf8  1/2-1/2

[Event "MCR mladeze, Kouty 2018 - H14"]
[Site "Kouty nad Desnou"]
[Date "2018.03.12"]
[Round "3"]
[White "Vojta, Jakub"]
[Black "Dudek, Vojtech"]
[Result "1/2-1/2"]
[WhiteElo "2017"]
[BlackElo "1880"]
[EventDate "2018.03.10"]

1. e4  c5  2. Nf3  g6
3. c4  Bg7  4. Nc3
Nc6  5. Be2  e6
6. O-O  Nge7  7. d3  d5
8. cxd5  exd5  9. Bg5 d4
10. Nd5  Be6  11. Nxe7
Nxe7  12. Nd2  O-O
13. f4  f6  14. Bh4
Bf7  15. Qc2 Rc8  16. Rae1
Qc7  17. b3  b6
18. Kh1  h6  19. Bg4  Rce8
20. f5  gxf5  21. Bxf5
Nxf5  22. Rxf5  Bg6
23. Rff1  f5  24. exf5
Rxe1  25. Bxe1  Rxf5
1/2-1/2

[Event "MCR mladeze, Kouty 2018 - H14"]
[Site "Kouty nad Desnou"]
[Date "2018.03.12"]
[Round "3"]
[White "Mica, Marek"]
[Black "Gnojek, Petr"]
[Result "1-0"]
[WhiteElo "1957"]
[BlackElo "2018"]
[EventDate "2018.03.10"]

1. Nf3 f5 2. c4 Nf6 3. g3 g6 4. b4 Bg7 5. Bb2 d6 6. Bg2 e5 7. d3 O-O 8. O-O a5 9.
b5 Nbd7 10. Qc2 Nc5 11. Nc3 c6 12. bxc6 bxc6 13. d4 Ncd7 14. dxe5 dxe5 15. Ng5
Nb8 16. Ba3 Re8 17. Qb3 Be6 18. Nxe6 Rxe6 19. Rfd1 Qc8 20. Na4 Ra7 21. Rab1 Nbd7
22. c5 Nf8 23. Rd6 e4 24. Nb6 Qe8 25. Rbd1 Qf7 26. e3 Ng4 27. Bf1 Ne5 28. Bc4
Nxc4 29. Qxc4 Be5 30. Rd8 Kg7 31. Nc8 Rd7 32. R1xd7 Nxd7 33. Nd6 Bxd6 34. cxd6
Ne5 35. Bb2 Qf6 36. Bxe5 Qxe5 37. d7 Qa1+ 38. Kg2 Qd1 39. Rg8+ Kxg8 40. Qxe6+ Kg7
41. Qe7+ Kh6 42. d8=Q Qf3+ 43. Kg1 1-0